Bolivia: nuevo sistema electoral presidencial y coordinación política de los partidos /

Guardat en:
Dades bibliogràfiques
Autor principal: Torrico, Mario
Format: Text
Etiquetes: Afegir etiqueta
Sense etiquetes, Sigues el primer a etiquetar aquest registre!

MARC

LEADER 00000 a a2200000 04500
001 46262
003
040
100 |a Torrico, Mario  
245 |a Bolivia:   |b nuevo sistema electoral presidencial y coordinación política de los partidos /  |c Mario Torrico  
773 |g volumen22, número43 ( , 2014), páginas 77-  
999 |c 32244  |d 32244